00640nam a2200181 i 450000100060000000300090000600500170001500700030003200800410003510000270007624500640010326000590016730000220022670000410024885200310028999900170032095201210033781754ES-MaACL20250905131257.0t|041105s1949 ag ||||1| spa d1 aHuxley, Julian.96485910aHormigas / cJulian Huxley ; traducción de Angel Cabrera. aBuenos Aires : bSudamericana, c1949 (fJ. Hays Bell) a131 p. ; c21 cm.1 aCabrera, Ángel, d1879-1960933276 aES-MaACLjD-5590 bR.31541 c81754d81754 00104070aATENEOMbATENEOMcSVId2008-01-17eSCl0oD-5590p901085451r2023-02-23 00:00:00w2023-02-23yMONOGRAFIA